[Event "Championnat de Paris Open A"]
[Site "Paris"]
[Date "2009.07.04"]
[Round "1.3"]
[White "Kostiuk"]
[Black "Hinfray"]
[Result "1-0"]
[WhiteElo "2296"]
[BlackElo "1987"]
[PlyCount "71"]
[EventDate "2009.??.??"]
[SourceDate "2009.07.21"]

1. d4 Nf6 2. Nf3 g6 3. g3 Bg7 4. Bg2 d5 5. c4 dxc4 6. O-O O-O 7. Na3 Nc6 8.
Nxc4 Be6 9. b3 a5 10. Bb2 Bd5 11. Rc1 Qc8 12. Ne3 Be4 13. Ne5 Bxg2 14. Kxg2 Nb4
15. a3 Nbd5 16. N3c4 b5 17. Nd2 b4 18. e4 bxa3 19. Bxa3 Nb4 20. Bxb4 axb4 21.
Qc2 Rd8 22. Nc6 Rd7 23. Nf3 Ne8 24. Qc5 Bf8 25. Nfe5 e6 26. Qc4 Rd6 27. Nd3 Ra6
28. Ndxb4 Rb6 29. e5 Rd7 30. Nd3 Qb7 31. Kg1 Rd5 32. Nf4 Rdb5 33. d5 exd5 34.
Nxd5 Rc5 35. Nde7+ Bxe7 36. Nxe7+ 1-0

[Event "Championnat de Paris Open A"]
[Site "Paris"]
[Date "2009.07.04"]
[Round "1.2"]
[White "Djukic"]
[Black "Velasco"]
[Result "0-1"]
[WhiteElo "1989"]
[BlackElo "2298"]
[PlyCount "66"]
[EventDate "2009.??.??"]
[SourceDate "2009.07.21"]

1. e4 c5 2. Nc3 g6 3. g3 Bg7 4. Bg2 Nc6 5. d3 d6 6. f4 h5 7. h3 e5 8. Nf3 Nge7
9. O-O Nd4 10. Ne2 Nxf3+ 11. Rxf3 Be6 12. Qf1 Qd7 13. c3 f5 14. Be3 c4 15. exf5
Nxf5 16. Bf2 cxd3 17. Rxd3 Bc4 18. Rd2 exf4 19. b3 fxg3 20. bxc4 gxf2+ 21. Qxf2
O-O 22. Qf3 Rae8 23. Qxb7 Qxb7 24. Bxb7 Bh6 25. Rb2 Re3 26. Bd5+ Kh8 27. Bg2
Rfe8 28. Bf1 Rf3 29. Rab1 Be3+ 30. Kh1 Bb6 31. Rd1 Rf2 32. Rdb1 Rexe2 33. Rxe2
Ng3+ 0-1

[Event "Championnat de Paris Open A"]
[Site "Paris"]
[Date "2009.07.04"]
[Round "1.1"]
[White "Bykov"]
[Black "Bonnin"]
[Result "1/2-1/2"]
[WhiteElo "2300"]
[BlackElo "1989"]
[PlyCount "68"]
[EventDate "2009.??.??"]
[SourceDate "2009.07.21"]

1. d4 Nf6 2. Nf3 e6 3. c4 Bb4+ 4. Bd2 Bxd2+ 5. Nbxd2 O-O 6. g3 d6 7. Bg2 Nc6 8.
O-O e5 9. d5 Ne7 10. e4 a5 11. Ne1 g5 12. Nd3 Ng6 13. c5 Kh8 14. Rc1 Rg8 15.
Kh1 Ra6 16. cxd6 cxd6 17. Qc2 Bd7 18. Nc4 b5 19. Ne3 Ra8 20. Qe2 Rc8 21. b4 a4
22. Bf3 Rxc1 23. Rxc1 Qb6 24. Ng4 Bxg4 25. Bxg4 Qd4 26. Bf3 h5 27. Qe3 Qxe3 28.
fxe3 g4 29. Bg2 Rb8 30. Rc7 Kg7 31. Nf2 Ne8 32. Rc2 Ne7 33. h3 f5 34. Kh2 Nf6
1/2-1/2